| 000 | 00446pab a2200169 454500 | ||
|---|---|---|---|
| 008 | 180718b2012 xxu||||| |||| 00| 0 eng d | ||
| 100 | _aWright, Jonathan H. | ||
| 245 | _aWhat does monetary policy do to longterm interest rates at the zero lower bound? | ||
| 260 | _c2012 | ||
| 300 | _ap.F447-F466. | ||
| 362 | _aNov | ||
| 650 | _aInterest rates | ||
| 650 | _aMonetary policy | ||
| 773 | _aEconomic Journal | ||
| 908 | _aN | ||
| 909 | _a98030 | ||
| 999 |
_c98029 _d98029 |
||